000 00899nam a22001937a 4500
999 _c62474
_d62474
003 Ge_BSU
005 20241115120454.0
008 241115s1975 ge ||||| |||| 00| 0 geo d
041 _ageo
080 _a612(075.32) მ-32
100 _aმარკოსიანი, ა.
_923701
245 _aფიზიოლოგია :
_b სახელმძღვ. სამედიცინო სასწავლებლის მოსწავლეებისათვის /
_cა. მარკოსიანი.
250 _aმე-7 გამოც.
264 _aთბილისი:
_bგანათლება,
_c1975.
300 _a419 გვ. :
_bილ. ;
_c22 სმ.
653 _aფიზიოლოგია
653 _aსახელმძღვანელო სამედიცინო სასწავლებლისათვის
942 _2udc
_cBK